| 000 | 00491nam a2200169Ia 4500 | ||
|---|---|---|---|
| 008 | 230917s9999||||xx |||||||||||||| ||und|| | ||
| 020 | _cRS595 | ||
| 040 |
_e250006 _aMAIN |
||
| 041 | _aEnglish | ||
| 082 | _a515.352 N153O | ||
| 100 | _aNandakumaran, A K | ||
| 245 | 0 | _aOrdinary differential equations: Principles and applications | |
| 260 |
_aDelhi _bCambridge University Press _c2017 |
||
| 300 | _axi, 328 p. | ||
| 500 | _a3266 05/09/2018 HBD18/7489 14/09/2018 UIET (SFS) | ||
| 942 | _cBK | ||
| 999 |
_c28214 _d28214 |
||